Normal view
MARC view
Entry Personal Name
001 - CONTROL NUMBER
- control field: 84553
003 - CONTROL NUMBER IDENTIFIER
- control field: dpl
005 - DATE AND TIME OF LATEST TRANSACTION
- control field: 20250903114122.0
008 - FIXED-LENGTH DATA ELEMENTS
- fixed length control field: 250903|| aca||aabn | a|a d
040 ## - CATALOGING SOURCE
- Original cataloging agency: dpl
- Transcribing agency: dpl
100 ## - HEADING--PERSONAL NAME
- Personal name: शर्मा, पं सत्यनारायण
670 ## - SOURCE DATA FOUND
- Source citation: Work cat.: (dpl)213272: राय,आदित्य प्रसन्न 84552, भगतसिंह का जिगरी दोस्त शहीद मृत्युविजयी यतीन्द्रनाथ दास/, 2023
